[Event "Anapa Sea Harbor Cup Rapid"]
[Site "Anapa"]
[Date "2021.06.11"]
[Round "1"]
[White "Sarana, Alexey"]
[Black "Romanov, Vladislav O"]
[Result "1-0"]
[WhiteElo "2640"]
[BlackElo "1176"]
[PlyCount "89"]
[EventDate "2021.06.11"]
[EventType "swiss (rapid)"]
[EventRounds "9"]
[EventCountry "RUS"]
[SourceTitle "CBM 202 Extra"]
[Source "ChessBase"]
[SourceDate "2021.07.31"]
[SourceVersion "1"]
[SourceVersionDate "2021.07.31"]
[SourceQuality "1"]

1. e4 c5 2. Nf3 g6 3. c3 Bg7 4. d4 cxd4 5. cxd4 d5 6. e5 a6 7. h3 Nc6 8. Bd3 f6 9. 0-0 fxe5 10. dxe5 Nh6 11. Nc3 0-0 12. Re1 e6 13. Bg5 Qc7 14. Rc1 Nf5 15. Na4 Bd7 16. Nc5 h6 17. Bf4 g5 18. Bd2 Rac8 19. Qe2 Qd8 20. Nxb7 Qb6 21. Nc5 Qa7 22. b4 Ncd4 23. Nxd4 Nxd4 24. Qh5 Be8 25. Qg4 Qf7 26. Qxd4 Bb5 27. Bb1 Bc4 28. Rc3 Qe7 29. Rg3 a5 30. a3 axb4 31. axb4 Kh8 32. h4 Rf7 33. hxg5 hxg5 34. Bxg5 Qe8 35. Qh4+ Kg8 36. Qh7+ Kf8 37. Bh6 Ke7 38. Rxg7 Rxg7 39. Bg5+ Kf8 40. Qh8+ Kf7 41. Qh6 Rxc5 42. bxc5 Qg8 43. Qf6+ Ke8 44. Qd8+ Kf7 45. Qe7# 1-0

[Event "EU-ch U10"]
[Site "Bratislava"]
[Date "2019.08.09"]
[Round "8"]
[White "Perossa, Nicolas"]
[Black "Romanov, Vladislav O"]
[Result "1/2-1/2"]
[WhiteElo "1627"]
[BlackElo "1182"]
[PlyCount "82"]
[EventDate "2019.08.02"]
[EventType "swiss"]
[EventRounds "9"]
[EventCountry "SVK"]
[SourceTitle "EXT 2020"]
[Source "ChessBase"]
[SourceDate "2019.10.17"]
[SourceVersion "1"]
[SourceVersionDate "2019.10.17"]
[SourceQuality "1"]

1. e4 c5 2. Nc3 Nc6 3. d3 g6 4. Be3 Nd4 5. Nce2 Bg7 6. c3 Nxe2 7. Bxe2 d6 8. Nf3 Nf6 9. h3 Bd7 10. 0-0 0-0 11. Kh1 Rb8 12. Qd2 Re8 13. Rab1 b5 14. e5 Nd5 15. Bf4 Nxf4 16. Qxf4 h6 17. Rfe1 Be6 18. exd6 exd6 19. d4 Bf5 20. Rbd1 Re4 21. Qc1 c4 22. Nd2 Re8 23. Bf3 Rxe1+ 24. Rxe1 Be6 25. a3 a5 26. Nf1 b4 27. d5 Bd7 28. cxb4 axb4 29. Qxc4 Bb5 30. Qf4 Bxf1 31. Rxf1 Qf6 32. Qxf6 Bxf6 33. axb4 Rxb4 34. Rb1 Rxb2 35. Rf1 Bd4 36. Kg1 Kg7 37. g4 f6 38. Kg2 f5 39. Kg3 Kf6 40. Bg2 Rb3+ 41. f3 f4+ 1/2-1/2